[Event "4NCL/Div1/WR1-BG2"]
[Site "Rd07-Birmingham"]
[Date "2001.03.17"]
[Round "7.5"]
[White "Gayson, Peter"]
[Black "Cooper, Lawrence"]
[Result "1/2-1/2"]
[WhiteElo "2273"]
[BlackElo "2361"]
[PlyCount "71"]
[EventDate "2001.03.17"]

1. e4 e5 2. Nf3 d6 3. d4 exd4 4. Nxd4 Nf6 5. Nc3 Be7 6. Be2 O-O 7. Be3 Re8 8.
Qd2 d5 9. exd5 Nxd5 10. Nxd5 Qxd5 {(=)} 11. O-O Bf6 12. Bf3 Qd7 13. Rad1 c5 14.
Nb3 Qxd2 15. Rxd2 Bxb2 16. Nxc5 Nc6 17. Rb1 Bc3 18. Rd3 Bf6 19. Nxb7 Ne5 20.
Nd6 Nxf3+ 21. gxf3 Rd8 22. Ne4 Be7 23. Rxd8+ Bxd8 24. Rd1 Be6 25. a4 Bb6 26.
Rb1 Kf8 27. Kg2 Ke7 28. Bxb6 axb6 29. Rxb6 Rxa4 30. Rb7+ Kf8 31. Rb8+ Ke7 32.
Rb7+ Kf8 33. Nc5 Rc4 34. Nxe6+ fxe6 35. Rb2 Kf7 36. Ra2 1/2-1/2

[Event "4NCL/Div1/WR1-BG2"]
[Site "Rd07-Birmingham"]
[Date "2001.03.17"]
[Round "7.7"]
[White "Barrett, Stephen"]
[Black "Hassabis, Demis"]
[Result "0-1"]
[WhiteElo "2217"]
[BlackElo "2237"]
[PlyCount "88"]
[EventDate "2001.03.17"]

1. d4 d5 2. c4 e6 3. Nc3 c6 4. e4 dxe4 5. Nxe4 Bb4+ 6. Bd2 Qxd4 7. Bxb4 Qxe4+
8. Be2 Nd7 9. Nf3 c5 10. Bc3 Ngf6 11. O-O O-O 12. Re1 Qc6 13. Bd3 b6 14. Qd2 h6
15. Rad1 Bb7 16. Qf4 e5 17. Qg3 Nh5 18. Qh4 Nf4 19. Be4 Qc7 20. Nxe5 Nxe5 21.
Bxe5 Qxe5 22. Bh7+ Kxh7 23. Rxe5 Ng6 24. Qg3 Nxe5 25. Qxe5 Kg8 26. h3 Bc8 27.
f4 Be6 28. b3 Rfe8 29. f5 Bxc4 30. Qg3 Bb5 31. a4 Bc6 32. Rd6 Bb7 33. Rxh6 Re2
34. Qc7 gxh6 35. Qxb7 Rd8 36. Qxa7 Rdd2 37. Qb8+ Kh7 38. Qxb6 Rxg2+ 39. Kf1
Rgf2+ 40. Ke1 Rfe2+ 41. Kf1 Rh2 42. Kg1 Rdg2+ 43. Kf1 Ra2 44. Kg1 Rhb2 0-1

[Event "4NCL/Div1/WR1-BG2"]
[Site "Rd07-Birmingham"]
[Date "2001.03.17"]
[Round "7.8"]
[White "Richards, Heather"]
[Black "Burnett, Jim"]
[Result "1/2-1/2"]
[WhiteElo "2133"]
[BlackElo "2213"]
[PlyCount "58"]
[EventDate "2001.03.17"]

1. e4 d5 2. exd5 Qxd5 3. Nc3 Qa5 4. h3 Nf6 5. Nf3 c6 6. Bc4 Bf5 7. Qe2 e6 8.
Nd4 Bg6 9. O-O Bb4 10. a3 Bxc3 11. bxc3 O-O 12. a4 Nbd7 13. Ba3 Rfe8 14. Rab1
e5 15. Nb3 Qc7 16. Bd3 e4 17. Bc4 b6 18. Qe3 Ne5 19. Be2 Nd5 20. Qg3 f5 21. f4
exf3 22. Bxf3 f4 23. Bxd5+ cxd5 24. Qxf4 Bxc2 25. Rb2 Bxb3 26. Rxb3 Qc4 27. Rb4
Qxf4 28. Rbxf4 Nc4 29. Bc1 Re2 1/2-1/2

[Event "4NCL/Div1/WG1-RIC"]
[Site "Rd07-Birmingham"]
[Date "2001.03.17"]
[Round "7.1"]
[White "Baburin, Alexander"]
[Black "Bates, Richard"]
[Result "1/2-1/2"]
[WhiteElo "2598"]
[BlackElo "2371"]
[PlyCount "112"]
[EventDate "2001.03.17"]

1. d4 Nf6 2. c4 g6 3. Nf3 Bg7 4. g3 O-O 5. Bg2 c6 6. Nc3 d5 7. cxd5 cxd5 8. Ne5
Nc6 9. O-O Nd7 10. Nxc6 bxc6 11. Be3 Nb6 12. b3 Bf5 13. Qd2 Re8 14. Rac1 Qd7
15. Bh6 Bh8 16. Rfe1 Bh3 17. Bh1 Rac8 18. Nd1 Qg4 19. Bf4 Qf5 20. Nb2 Nd7 21.
Na4 e5 22. dxe5 Nxe5 23. Bxe5 Bxe5 24. Nc5 Qf6 25. Nd3 Bd4 26. e3 Bb6 27. Nf4
Bf5 {(=)} 28. Bg2 Rcd8 29. h4 Be4 30. Bxe4 Rxe4 31. Qc2 Rd6 32. a3 h6 33. Kg2
Qe7 34. Qc3 c5 35. Rcd1 d4 36. Qd2 Qb7 37. Kh2 Rd8 38. exd4 Rdxd4 39. Rxe4 Qxe4
40. Qe1 Qxe1 41. Rxe1 c4 42. bxc4 Rxc4 43. Kg2 Ra4 44. h5 gxh5 45. Nd5 Bc5 46.
Nf6+ Kg7 47. Nxh5+ Kg6 48. Nf4+ Kh7 49. Rc1 Bd6 50. Nd5 Rxa3 51. Nf6+ Kg6 52.
Rc6 Kxf6 53. Rxd6+ Kg7 54. g4 Ra5 55. Kg3 Ra1 56. Kf4 Ra4+ 1/2-1/2

[Event "4NCL/Div1/WG1-RIC"]
[Site "Rd07-Birmingham"]
[Date "2001.03.17"]
[Round "7.3"]
[White "Emms, John"]
[Black "Hinks-Edwards, Thomas"]
[Result "1-0"]
[WhiteElo "2514"]
[BlackElo "2294"]
[PlyCount "61"]
[EventDate "2001.03.17"]

1. e4 c6 2. d4 d5 3. Nd2 dxe4 4. Nxe4 Bf5 5. Ng3 Bg6 6. h4 h6 7. Nf3 Nd7 8. h5
Bh7 9. Bd3 Bxd3 10. Qxd3 Ngf6 11. Bf4 e6 12. O-O-O Nd5 13. Bd2 Nb4 14. Bxb4
Bxb4 15. Qb3 Qb6 16. Ne5 Be7 17. Ne4 Qxb3 18. axb3 Rf8 19. c3 O-O-O 20. f4 Nxe5
21. dxe5 f5 {(=)} 22. exf6 gxf6 23. f5 exf5 24. Ng3 Bd6 25. Nxf5 Bf4+ 26. Kb1
Kc7 27. Rxd8 Rxd8 28. Ng7 Kd7 29. Rd1+ Bd6 30. Nf5 Ke6 31. g4 1-0

[Event "4NCL/Div1/WG1-RIC"]
[Site "Rd07-Birmingham"]
[Date "2001.03.17"]
[Round "7.4"]
[White "Franklin, Michael"]
[Black "Ward, Chris"]
[Result "1/2-1/2"]
[WhiteElo "2253"]
[BlackElo "2506"]
[PlyCount "98"]
[EventDate "2001.03.17"]

1. d4 c5 2. e3 Nf6 3. Nf3 g6 4. Be2 Bg7 5. O-O O-O 6. Nbd2 Qc7 7. c3 b6 8. Re1
Bb7 9. Bf1 d5 10. b3 Nbd7 11. Bb2 e5 12. g3 Rfe8 13. Rc1 Rad8 14. Rc2 Qd6 15.
Qa1 e4 16. Nh4 Qe6 17. c4 g5 18. Ng2 Qf5 19. cxd5 Nxd5 20. Nc4 Re6 21. dxc5
Bxb2 22. Qxb2 Nxc5 23. Rd2 Nd3 24. Bxd3 exd3 25. Qd4 Rde8 26. h4 Qf3 27. e4
Rxe4 28. Rxe4 Rxe4 29. Qxd3 Qxd3 30. Rxd3 Re2 31. Nd2 h6 32. a4 Kg7 33. Kf1 Re7
34. Nc4 Nb4 35. Rd6 Be4 36. hxg5 hxg5 37. Nge3 Nc2 38. f3 Bh7 39. Kf2 Nxe3 40.
Nxe3 Rc7 41. Rd5 Rc5 42. b4 Rxd5 43. Nxd5 Bc2 44. a5 bxa5 45. bxa5 Bb3 46. Nc3
Kf6 47. Ne4+ Kf5 48. Ke3 f6 49. f4 gxf4+ 1/2-1/2

[Event "4NCL/Div1/WG1-RIC"]
[Site "Rd07-Birmingham"]
[Date "2001.03.17"]
[Round "7.6"]
[White "Thiruchelvam, Murugan"]
[Black "Martin, Andrew"]
[Result "0-1"]
[WhiteElo "2168"]
[BlackElo "2445"]
[PlyCount "66"]
[EventDate "2001.03.17"]

1. e4 g6 2. d4 Bg7 3. Nc3 d6 4. Nf3 Nf6 5. h3 O-O 6. Be2 Na6 7. O-O c5 8. d5
Nc7 9. a4 b6 10. Re1 Bb7 11. Bf4 a6 12. Bc4 Qd7 13. Qe2 e5 14. dxe6 Nxe6 15.
Bxd6 Qxd6 16. e5 Qe7 17. exf6 Qxf6 18. Nd5 Bxd5 19. Bxd5 Nf4 20. Qe4 Nxd5 21.
Qxd5 Qxb2 22. Rab1 Qxc2 23. Rxb6 Qxa4 24. Qxc5 Rfe8 25. Reb1 a5 26. Rb7 Qf4 27.
Qd5 a4 28. Qa2 a3 29. Rd1 Rad8 30. Rf1 Rd3 31. Ng5 Rd2 32. g3 Rxa2 33. gxf4 Ra8
0-1

[Event "4NCL/Div1/WG1-RIC"]
[Site "Rd07-Birmingham"]
[Date "2001.03.17"]
[Round "7.7"]
[White "Littlewood, Paul"]
[Black "Buckley, Melanie"]
[Result "1-0"]
[WhiteElo "2394"]
[BlackElo "2114"]
[PlyCount "83"]
[EventDate "2001.03.17"]

1. d4 e6 2. Nf3 Nf6 3. c4 Bb4+ 4. Nbd2 d5 5. e3 O-O 6. a3 Be7 7. Bd3 c5 8. dxc5
Bxc5 9. O-O a5 10. b3 Nc6 11. Bb2 h6 12. h3 Re8 13. cxd5 Nxd5 14. Nc4 b6 15.
Nce5 Nxe5 16. Nxe5 Ba6 17. Bxa6 Rxa6 18. Qh5 Rf8 19. Rfd1 Qg5 20. Qxg5 hxg5 21.
Rac1 Nxe3 22. fxe3 Bxe3+ 23. Kf1 Bxc1 24. Rxc1 Ra7 25. Ke2 f6 26. Nc4 b5 27.
Nd6 Rb8 28. Rc5 b4 29. a4 Ra6 30. Nc4 Rba8 31. Bd4 e5 32. Be3 Kh7 33. Rb5 Rc6
34. Bb6 Kg6 35. Bxa5 g4 36. hxg4 Rh8 37. Bxb4 Kg5 38. Kf3 Rd8 39. Bd2+ Kh4 40.
Be3 Re6 41. Rb7 f5 42. Rxg7 1-0

[Event "4NCL/Div1/BAR1-WG1"]
[Site "Rd08-Birmingham"]
[Date "2001.03.18"]
[Round "8.2"]
[White "Short, Nigel"]
[Black "Kelly, Brian"]
[Result "1-0"]
[WhiteElo "2676"]
[BlackElo "2464"]
[PlyCount "71"]
[EventDate "2001.03.18"]

1. e4 e6 2. d4 d5 3. Nc3 Nf6 4. e5 Nfd7 5. f4 c5 6. Nf3 Qb6 7. dxc5 Nxc5 8. Rb1
Nc6 9. Be3 Qa5 10. Qd2 Na4 11. Nb5 Qd8 12. Bd3 Bb4 13. c3 Be7 14. b4 a6 15.
Nbd4 Nxd4 16. Nxd4 Bd7 17. O-O Qc7 18. Rbc1 Nb6 19. f5 exf5 20. Bg5 Qd8 21.
Bxe7 Qxe7 22. Bxf5 O-O 23. Rce1 Nc4 24. Qd3 g6 25. Qg3 Rae8 26. h4 Kh8 27. Bxd7
Qxd7 28. h5 Qc7 29. hxg6 fxg6 30. Rxf8+ Rxf8 31. Ne6 Qb6+ 32. Nc5 a5 33. a3
Nxa3 34. e6 Nc4 35. e7 Re8 36. Qf2 1-0

[Event "4NCL/Div1/BAR1-WG1"]
[Site "Rd08-Birmingham"]
[Date "2001.03.18"]
[Round "8.3"]
[White "Crouch, Colin"]
[Black "Baburin, Alexander"]
[Result "1/2-1/2"]
[WhiteElo "2434"]
[BlackElo "2598"]
[PlyCount "54"]
[EventDate "2001.03.18"]

1. d4 d5 2. Nf3 c6 3. Bf4 Nf6 4. e3 Bg4 5. c4 Nbd7 6. Nc3 e6 7. Qb3 Bxf3 8.
gxf3 Qc8 9. cxd5 Nxd5 10. Nxd5 exd5 11. Bh3 a5 12. O-O-O a4 13. Qc2 Qd8 14.
Rhg1 g6 15. e4 Qh4 16. Bxd7+ Kxd7 17. Rg4 Qh3 18. exd5 Qxf3 19. dxc6+ Qxc6 20.
Qxc6+ Kxc6 21. Be5 Rg8 22. d5+ Kd7 23. Kb1 Bc5 24. Rc4 b6 25. b4 axb3 26. axb3
Rge8 27. f4 Ra3 1/2-1/2

[Event "4NCL/Div1/BAR1-WG1"]
[Site "Rd08-Birmingham"]
[Date "2001.03.18"]
[Round "8.4"]
[White "Ward, Chris"]
[Black "Knott, Simon"]
[Result "1-0"]
[WhiteElo "2506"]
[BlackElo "2390"]
[PlyCount "87"]
[EventDate "2001.03.18"]

1. d4 Nf6 2. c4 g6 3. Nc3 d5 4. Nf3 Bg7 5. Bg5 dxc4 6. e4 c5 7. d5 b5 8. e5 b4
9. exf6 exf6 10. Qe2+ Kf8 11. Be3 bxc3 12. bxc3 Nd7 13. Qxc4 Qa5 14. Bd3 f5 15.
Rc1 Bb7 16. O-O Rc8 17. Qb5 Qc7 18. d6 Qc6 19. Rfe1 h6 20. Bf4 Bf6 21. Rb1 Ba8
22. Qxc6 Bxc6 23. Ne5 Nxe5 24. Bxe5 Kg7 25. f4 Rb8 26. Bc4 Rxb1 27. Rxb1 Re8
28. Re1 Rd8 29. Kf2 Rd7 30. Rb1 Rd8 31. g3 Re8 32. Bb5 Rb8 33. Bxc6 Rxb1 34. d7
Rd1 35. Ke2 Bxe5 36. fxe5 Rxd7 37. Bxd7 f6 38. e6 Kf8 39. Kd3 Ke7 40. Kc4 Kd6
41. Bc8 h5 42. e7 Kxe7 43. Kxc5 Kd8 44. Be6 1-0

[Event "4NCL/Div1/BAR1-WG1"]
[Site "Rd08-Birmingham"]
[Date "2001.03.18"]
[Round "8.5"]
[White "Webster, Andrew"]
[Black "Turner, Matthew"]
[Result "0-1"]
[WhiteElo "2435"]
[BlackElo "2498"]
[PlyCount "68"]
[EventDate "2001.03.18"]

1. g3 c5 2. Bg2 Nc6 3. c4 g6 4. Nc3 Bg7 5. a3 d6 6. Rb1 a5 7. d3 Nf6 8. Nh3 h5
9. b3 h4 10. Bb2 Kf8 11. e3 Ne5 12. f4 Bg4 13. fxe5 Bxd1 14. exf6 Bxf6 15. Kxd1
Qd7 16. Nf2 hxg3 17. hxg3 Rxh1+ 18. Bxh1 Be5 19. Nce4 Bxb2 20. Rxb2 Kg7 21. a4
Rh8 22. Bf3 Qf5 23. Ke2 Qe5 24. Rb1 f5 25. Nd2 Qxg3 26. Bxb7 Rh2 27. Rf1 Qe5
28. Nf3 Qb2+ 29. Ke1 Qc3+ 30. Ke2 Qc2+ 31. Ke1 Rxf2 32. Rxf2 Qxb3 33. Bd5 Qxd3
34. e4 e6 0-1

[Event "4NCL/Div1/BAR1-WG1"]
[Site "Rd08-Birmingham"]
[Date "2001.03.18"]
[Round "8.6"]
[White "Emms, John"]
[Black "Ferguson, Mark"]
[Result "1-0"]
[WhiteElo "2514"]
[BlackElo "2374"]
[PlyCount "107"]
[EventDate "2001.03.18"]

1. e4 e5 2. Nf3 Nc6 3. Bb5 Nf6 4. O-O Nxe4 5. d4 Nd6 6. Bxc6 dxc6 7. dxe5 Nf5
8. Qxd8+ Kxd8 9. Nc3 Bd7 10. Rd1 Kc8 11. b3 b6 12. Bb2 h6 13. h3 Ne7 14. Ne2 c5
15. Nf4 Bc6 16. c4 Bxf3 17. gxf3 Nf5 18. Rd3 Be7 19. Nd5 Rd8 20. Rad1 Kb7 21.
f4 g6 22. Kg2 Rd7 23. Ne3 Nh4+ 24. Kf1 Rxd3 25. Rxd3 Kc6 26. Ke2 Re8 27. Nd5
Bd8 28. Rd1 g5 29. Kd3 gxf4 30. Nxf4 Nf3 31. Ke4 Nxe5 32. Bxe5 f6 33. Rxd8 Rxd8
34. Bxf6 Rd2 35. Bg7 Rxf2 36. Bxh6 Rxa2 37. h4 Rb2 38. h5 Rxb3 39. Bg7 Rb1 40.
h6 Rh1 41. Ne6 Rh4+ 42. Kf3 b5 43. Kg3 Rh1 44. Ng5 bxc4 45. h7 Rxh7 46. Nxh7 c3
47. Bxc3 Kb5 48. Nf6 a5 49. Kf3 a4 50. Ke3 Kc4 51. Kd2 Kb3 52. Ne4 a3 53. Nxc5+
Ka2 54. Kc2 1-0

[Event "4NCL/Div1/BAR1-WG1"]
[Site "Rd08-Birmingham"]
[Date "2001.03.18"]
[Round "8.7"]
[White "Rogers, Jonathan"]
[Black "Littlewood, Paul"]
[Result "1/2-1/2"]
[WhiteElo "2329"]
[BlackElo "2394"]
[PlyCount "41"]
[EventDate "2001.03.18"]

1. e4 e5 2. Nf3 Nc6 3. d4 exd4 4. Nxd4 Nf6 5. Nxc6 bxc6 6. Nd2 d6 7. Bd3 g6 8.
O-O Bg7 9. f4 O-O 10. Qf3 Rb8 11. f5 c5 12. Nc4 Nd7 13. Qg3 Bb7 14. Bg5 Bf6 15.
Bxf6 Nxf6 16. Rae1 Kg7 17. e5 dxe5 18. Nxe5 Qd4+ 19. Kh1 Nh5 20. f6+ Nxf6 21.
Qg5 1/2-1/2

[Event "4NCL/Div1/BAR1-WG1"]
[Site "Rd08-Birmingham"]
[Date "2001.03.18"]
[Round "8.8"]
[White "Jackson, Sheila"]
[Black "Rutherford, Elaine"]
[Result "1/2-1/2"]
[WhiteElo "2185"]
[BlackElo "2117"]
[PlyCount "63"]
[EventDate "2001.03.18"]

1. e4 d5 2. exd5 Qxd5 3. Nc3 Qa5 4. Nf3 Nf6 5. h3 c6 6. d4 Bf5 7. Bc4 e6 8. O-O
Nbd7 9. Bf4 Nd5 10. Nxd5 cxd5 11. Bb3 h6 12. Re1 Be7 13. Qe2 Nf6 14. Ne5 O-O
15. g4 Be4 16. f3 Bh7 17. h4 Bd6 18. c3 Qa6 19. Qxa6 bxa6 20. Rad1 Rac8 21. h5
Rfd8 22. Kf2 Bxe5 23. Bxe5 Nd7 24. Bd6 Nb6 25. Bc5 Rb8 26. Re2 Rdc8 27. Rdd2
Rb7 28. Bb4 Nd7 29. Rd1 Nb8 30. Rde1 Bd3 31. Rd2 Bc4 32. Bxc4 1/2-1/2

[Event "4NCL/Div1/BAR2-SWD"]
[Site "Rd08-Birmingham"]
[Date "2001.03.18"]
[Round "8.1"]
[White "Collinson, Adam"]
[Black "Cooper, John"]
[Result "1/2-1/2"]
[WhiteElo "2404"]
[BlackElo "2341"]
[PlyCount "33"]
[EventDate "2001.03.18"]

1. e4 e5 2. Nf3 Nc6 3. Nc3 Nf6 4. Bb5 Bb4 5. O-O O-O 6. d3 d6 7. Ne2 d5 8. c3
Bd6 9. Ng3 h6 10. Re1 Re8 11. h3 Bd7 12. Nh4 Bf8 13. Nhf5 Bxf5 14. exf5 Qd7 15.
Qa4 e4 16. dxe4 Bd6 17. e5 1/2-1/2

[Event "4NCL/Div1/BAR2-SWD"]
[Site "Rd08-Birmingham"]
[Date "2001.03.18"]
[Round "8.2"]
[White "Zeidler, Sven"]
[Black "Dishman, Stephen"]
[Result "1/2-1/2"]
[WhiteElo "2284"]
[BlackElo "2364"]
[PlyCount "124"]
[EventDate "2001.03.18"]

1. e4 c5 2. Nc3 Nc6 3. Bb5 Nd4 4. Bc4 g6 5. Nf3 Bg7 6. Nxd4 cxd4 7. Qf3 e6 8.
Nb5 Be5 9. Qd3 Qb6 10. c3 dxc3 11. dxc3 a6 12. Be3 Qc6 13. Nd4 Qd6 14. Nf3 Qxd3
15. Bxd3 Bc7 16. Bd4 f6 17. e5 f5 18. h4 h6 19. g4 Ne7 20. Rg1 b6 21. gxf5 gxf5
22. Nd2 Nc6 23. f4 Nxd4 24. cxd4 Bb7 25. Kf2 O-O-O 26. Rg7 b5 27. a4 Bb6 28.
Nb3 bxa4 29. Nc5 Bxc5 30. dxc5 Kc7 31. Ke3 Bc6 32. Bxa6 Rb8 33. Bc4 Kd8 34. Rd1
Ke8 35. Rd2 Rb4 36. Kd3 Kf8 37. Rg6 Kf7 38. h5 Bf3 39. Kc3 Rb7 40. Rd3 Bxh5 41.
Rf6+ Kg7 42. c6 dxc6 43. Bxe6 Bg4 44. Rd6 Rf8 45. Rxh6 Kxh6 46. Bc8+ Kh5 47.
Bxb7 Bf3 48. e6 Re8 49. Kd2 Kg6 50. Bxc6 Bxc6 51. Rxc6 Rb8 52. Kc3 Rb3+ 53. Kc2
Rb4 54. e7+ Kf7 55. Rf6+ Kxe7 56. Rxf5 Ke6 57. Rf8 Ke7 58. Rc8 Rxf4 59. Kc3
Rf3+ 60. Kc2 Rf4 61. Rb8 Kd6 62. Kc3 Kc5 1/2-1/2

[Event "4NCL/Div1/BAR2-SWD"]
[Site "Rd08-Birmingham"]
[Date "2001.03.18"]
[Round "8.4"]
[White "James, David J"]
[Black "Duncan, Chris"]
[Result "1/2-1/2"]
[WhiteElo "2238"]
[BlackElo "2310"]
[PlyCount "24"]
[EventDate "2001.03.18"]

1. d4 d5 2. c4 dxc4 3. Nf3 e6 4. Nc3 a6 5. a4 Nc6 6. e4 Na5 7. Bg5 Be7 8. Bxe7
Qxe7 9. Ne5 Nf6 10. Nxc4 Nxc4 11. Bxc4 Qb4 12. Qb3 Qxb3 1/2-1/2

[Event "4NCL/Div1/BAR2-SWD"]
[Site "Rd08-Birmingham"]
[Date "2001.03.18"]
[Round "8.5"]
[White "Hanley, Craig"]
[Black "Morris, Charles"]
[Result "0-1"]
[WhiteElo "2276"]
[BlackElo "2238"]
[PlyCount "87"]
[EventDate "2001.03.18"]

1. c4 e5 2. g3 Nc6 3. Bg2 g6 4. Nc3 Bg7 5. e4 d6 6. d3 Be6 7. Nge2 Nge7 8. h4
h6 9. Be3 Nd4 10. O-O Qd7 11. Nd5 Nec6 12. Nxd4 Nxd4 13. Bxd4 exd4 14. Qb3 Rb8
15. Nf4 a6 {(=)} 16. Nxe6 Qxe6 17. f4 Qg4 18. Kh2 g5 19. Bf3 Qd7 20. h5 g4 21.
Be2 f5 22. exf5 Qxf5 23. Kg2 Qxh5 24. Rh1 Qf5 25. Rae1 Kf8 26. Rh4 h5 27. Reh1
Ke7 28. Re1 Kf6 29. c5 dxc5 30. Bf1 Rhe8 31. Rxe8 Rxe8 32. Qxb7 Kg6 33. Qxa6+
Bf6 34. Rh2 Qd5+ 35. Kg1 Qf3 36. f5+ Kg7 37. Qa5 Qxg3+ 38. Rg2 Qe3+ 39. Kh1
Qh3+ 40. Kg1 Qe3+ 41. Kh1 Qf3 42. Kg1 Bg5 43. Qxc7+ Re7 44. Qxc5 0-1

[Event "4NCL/Div1/BAR2-SWD"]
[Site "Rd08-Birmingham"]
[Date "2001.03.18"]
[Round "8.6"]
[White "Roberts, David L"]
[Black "Lewis, Andrew P"]
[Result "0-1"]
[WhiteElo "2150"]
[BlackElo "2257"]
[PlyCount "80"]
[EventDate "2001.03.18"]

1. e4 c5 2. Nf3 d6 3. d4 cxd4 4. Nxd4 Nf6 5. Nc3 Nc6 6. Bc4 Qb6 7. Nb3 e6 8.
Be3 Qc7 9. Be2 a6 10. f4 b5 11. Bf3 b4 12. Ne2 e5 13. f5 h5 14. Ng3 h4 15. Nh5
a5 16. Nxf6+ gxf6 17. Qd2 Ba6 18. Be2 Bxe2 19. Qxe2 a4 20. Nd2 Bh6 21. Nf3 Bxe3
22. Qxe3 a3 23. b3 Ra5 24. c4 bxc3 25. Rc1 Rc5 26. Rxc3 Nd4 27. Kd2 Rg8 28.
Nxh4 Rg4 29. g3 Qa5 30. Rhc1 Nb5 31. Nf3 Nxc3 32. Rxc3 Rxe4 33. Qxe4 Qxc3+ 34.
Ke2 Qc2+ 35. Nd2 Qxe4+ 36. Nxe4 Rc2+ 37. Kd3 Rxa2 38. Nxd6+ Kd7 39. Nc4 Rxh2
40. Nxa3 Rh3 0-1

[Event "4NCL/Div1/BAR2-SWD"]
[Site "Rd08-Birmingham"]
[Date "2001.03.18"]
[Round "8.8"]
[White "Cast, Abigail"]
[Black "Seymour, Jane"]
[Result "1/2-1/2"]
[WhiteElo "2121"]
[BlackElo "2040"]
[PlyCount "84"]
[EventDate "2001.03.18"]

1. d4 g6 2. Nf3 Nf6 3. Bg5 Bg7 4. Nbd2 d6 5. e4 O-O 6. Be2 b6 7. c3 Bb7 8. Qc2
c5 9. dxc5 bxc5 10. O-O Nc6 11. Rfe1 Nd7 12. Nc4 Nb6 13. Rad1 Qc7 14. Ne3 Ne5
15. Nxe5 Bxe5 16. Ng4 Bg7 17. Bf1 Rae8 18. Bb5 Ra8 19. Bf1 Kh8 20. Qd2 h5 21.
Nh6 Kh7 22. h4 f6 23. Bf4 e5 24. Be3 Bxe4 25. g4 Bf3 26. gxh5 Bxh5 27. Be2 Bxe2
28. Rxe2 f5 29. Bg5 d5 30. f3 e4 31. fxe4 fxe4 32. Rg2 Rf3 33. Ng4 Raf8 34. Re1
Rg3 35. Ree2 Rxg2+ 36. Rxg2 d4 37. cxd4 Bxd4+ 38. Ne3 Nc4 39. Qe2 Nxe3 40. Bxe3
Bxe3+ 41. Qxe3 Qe5 42. Rg4 Qf5 1/2-1/2

[Event "4NCL/Div1/BG1-GUI1"]
[Site "Rd08-Birmingham"]
[Date "2001.03.18"]
[Round "8.1"]
[White "Hodgson, Julian"]
[Black "Rowson, Jonathan"]
[Result "1-0"]
[WhiteElo "2596"]
[BlackElo "2489"]
[PlyCount "101"]
[EventDate "2001.03.18"]

1. d4 Nf6 2. Bg5 e6 3. e4 h6 4. Bxf6 Qxf6 5. c3 Nc6 6. e5 Qe7 7. h4 d6 8. f4
dxe5 9. fxe5 Bd7 10. Nd2 O-O-O 11. Ngf3 f6 12. b4 Be8 13. b5 Nb8 14. Qa4 Qa3
15. Qb3 Nd7 16. Nc4 Qe7 17. a4 fxe5 18. Ncxe5 Nxe5 19. Nxe5 g5 20. Bc4 Rd6 21.
hxg5 Bg7 22. O-O-O Qxg5+ 23. Kb2 Bxe5 24. dxe5 Qxe5 25. Rxd6 cxd6 26. Bxe6+ Kb8
27. Qd5 Bg6 28. Qxe5 dxe5 29. Bd5 Kc7 30. c4 b6 31. Kc3 Kd6 32. Rf1 Ke7 33. a5
Rd8 34. g4 Rd6 35. Kb4 Rd8 36. Rf2 e4 37. Kc3 bxa5 38. Ra2 e3 39. Rxa5 Rd7 40.
Ra2 h5 41. g5 Bf7 42. Kd4 Bxd5 43. cxd5 Rb7 44. Kxe3 Rxb5 45. Rxa7+ Kd6 46. Ke4
Rb4+ 47. Kf5 Rb1 48. g6 h4 49. g7 Rb8 50. Kg6 Kxd5 51. Ra4 1-0

[Event "4NCL/Div1/BG1-GUI1"]
[Site "Rd08-Birmingham"]
[Date "2001.03.18"]
[Round "8.2"]
[White "Plaskett, James"]
[Black "Chandler, Murray"]
[Result "1/2-1/2"]
[WhiteElo "2479"]
[BlackElo "2529"]
[PlyCount "67"]
[EventDate "2001.03.18"]

1. e4 c5 2. Nc3 Nc6 3. Bb5 Nd4 4. Nf3 e6 5. O-O a6 6. Bd3 Ne7 7. Nxd4 cxd4 8.
Ne2 d5 9. b3 Nc6 10. Bb2 Bc5 11. Nf4 dxe4 12. Bxe4 Bd6 13. Bxc6+ bxc6 14. Nd3
c5 15. Qh5 Qc7 16. c3 c4 17. bxc4 Qxc4 18. Ne5 Bxe5 19. Qxe5 O-O 20. cxd4 Rd8
21. d5 f6 22. Qg3 Kh8 23. d6 Qd5 24. Ba3 Bd7 25. Qe3 Rdc8 26. h3 h6 27. Rfc1
Rxc1+ 28. Rxc1 Qxa2 29. Rc7 Qb1+ 30. Kh2 Qb5 31. Rc5 Qb7 32. Rh5 Kg8 33. d4 Rc8
34. Rc5 1/2-1/2

[Event "4NCL/Div1/BG1-GUI1"]
[Site "Rd08-Birmingham"]
[Date "2001.03.18"]
[Round "8.3"]
[White "Flear, Glenn"]
[Black "King, Daniel"]
[Result "1/2-1/2"]
[WhiteElo "2476"]
[BlackElo "2543"]
[PlyCount "55"]
[EventDate "2001.03.18"]

1. d4 e6 2. c4 Nf6 3. Nf3 d5 4. Nc3 Be7 5. Bg5 h6 6. Bh4 O-O 7. e3 b6 8. cxd5
Nxd5 9. Bxe7 Qxe7 10. Nxd5 exd5 11. Rc1 Be6 12. Qa4 a5 13. Bb5 c5 14. dxc5 bxc5
15. Qa3 Rc8 16. Nd4 Bd7 17. Bxd7 Nxd7 18. O-O a4 19. Rfd1 Nf6 20. Ne2 Qe5 21.
Nf4 d4 22. Nd3 Qh5 23. Nxc5 dxe3 24. Qxe3 Ng4 25. Qh3 Rxc5 26. Rxc5 Qxc5 27.
Qxg4 Re8 28. g3 1/2-1/2

[Event "4NCL/Div1/BG1-GUI1"]
[Site "Rd08-Birmingham"]
[Date "2001.03.18"]
[Round "8.4"]
[White "Conquest, Stuart"]
[Black "Rogers, Ian"]
[Result "1/2-1/2"]
[WhiteElo "2546"]
[BlackElo "2529"]
[PlyCount "83"]
[EventDate "2001.03.18"]

1. d4 d5 2. c4 c6 3. Nc3 Nf6 4. e3 g6 5. Nf3 Bg7 6. Bd3 O-O 7. O-O Bg4 8. h3
Bxf3 9. Qxf3 dxc4 10. Bxc4 Nbd7 11. a4 e5 12. a5 Re8 13. b4 Qc7 14. Rd1 Rad8
15. Bb2 exd4 16. exd4 a6 17. Bb3 Qb8 18. Bc1 Qd6 19. Rb1 Qf8 20. Bg5 Rc8 21. g4
h6 22. Bf4 Qe7 23. Kg2 Nf8 24. Be5 Ne6 25. Re1 Qd8 26. Rbd1 Nc7 27. Ne4 Nfd5
28. Nd6 Qd7 29. Nxe8 Bxe5 30. dxe5 Rxe8 31. Qe4 Qe7 32. f4 Kg7 33. f5 Qg5 34.
Kh2 Nc3 35. Qc4 Nxd1 36. Qxf7+ Kh8 37. Bxd1 gxf5 38. Qxf5 Qd2+ 39. Re2 Qxd1 40.
Qf6+ Kh7 41. Qf7+ Kh8 42. Qf6+ 1/2-1/2

[Event "4NCL/Div1/BG1-GUI1"]
[Site "Rd08-Birmingham"]
[Date "2001.03.18"]
[Round "8.5"]
[White "Gallagher, Joe"]
[Black "Gormally, Daniel"]
[Result "1/2-1/2"]
[WhiteElo "2519"]
[BlackElo "2505"]
[PlyCount "54"]
[EventDate "2001.03.18"]

1. e4 c5 2. Nf3 e6 3. d4 cxd4 4. Nxd4 a6 5. Bd3 Qc7 6. O-O Nc6 7. Nxc6 dxc6 8.
f4 e5 9. Kh1 Bc5 10. f5 b5 11. a4 Bb7 12. Qg4 Kf8 13. Qh3 Be7 14. Nd2 Rd8 15.
b3 Nf6 16. Nf3 Nd7 17. Bd2 b4 18. Rae1 a5 19. Bc1 Nb6 20. g4 Kg8 21. g5 Bd6 22.
f6 g6 23. Nxe5 h6 24. Ng4 hxg5 25. Nh6+ Kf8 26. Bxg5 c5 27. Qg2 c4 1/2-1/2

[Event "4NCL/Div1/BG1-GUI1"]
[Site "Rd08-Birmingham"]
[Date "2001.03.18"]
[Round "8.6"]
[White "Baker, Chris W"]
[Black "Hebden, Mark"]
[Result "0-1"]
[WhiteElo "2372"]
[BlackElo "2552"]
[PlyCount "100"]
[EventDate "2001.03.18"]

1. e4 e5 2. Nf3 Nc6 3. Bc4 Nf6 4. d3 Be7 5. O-O d6 6. a4 Bg4 7. h3 Bh5 8. c3
O-O 9. a5 Nb8 10. Nbd2 c6 11. Re1 d5 12. Bb3 Nbd7 13. Bc2 Re8 14. Nf1 dxe4 15.
dxe4 Qc7 16. Ng3 Rad8 17. Qe2 Bg6 18. Nh4 Nc5 19. Ngf5 Ne6 20. Nxe7+ Rxe7 21.
Nxg6 hxg6 22. Be3 c5 23. a6 b6 24. Qb5 Red7 25. Qc4 g5 26. Ba4 Rd6 27. f3 Nh5
28. Rad1 Nhf4 29. Rxd6 Rxd6 30. b4 cxb4 31. Qxc7 Nxc7 32. cxb4 Nxa6 33. b5 Nc5
34. Bc2 Nfe6 35. Rd1 Rxd1+ 36. Bxd1 Nd4 37. Bxg5 Nxb5 38. Kf2 Nd4 39. Be7 f6
40. Ke3 Kf7 41. Bd6 Nb7 42. Ba3 Na5 43. Kd3 Nac6 44. g3 b5 45. f4 a5 46. Bd6
Ke6 47. Bf8 a4 48. h4 Ne7 49. fxe5 fxe5 50. Bxg7 a3 0-1

[Event "4NCL/Div1/BG1-GUI1"]
[Site "Rd08-Birmingham"]
[Date "2001.03.18"]
[Round "8.7"]
[White "McShane, Luke"]
[Black "Webb, Richard"]
[Result "1-0"]
[WhiteElo "2460"]
[BlackElo "2353"]
[PlyCount "79"]
[EventDate "2001.03.18"]

1. e4 c5 2. Nf3 d6 3. Bc4 Nc6 4. d3 g6 5. O-O Bg7 6. h3 Nf6 7. a3 O-O 8. Nc3 a6
9. Bg5 b5 10. Ba2 Rb8 11. Qd2 a5 12. Ne2 Qc7 13. Ng3 b4 14. a4 Nd4 15. Nxd4
cxd4 16. f4 h6 17. Bh4 Be6 18. Bxf6 Bxf6 19. Bxe6 fxe6 20. e5 dxe5 21. Ne4 exf4
22. Rxf4 Kg7 23. Raf1 Rbc8 24. R4f2 Qc6 25. b3 Qd5 {(=)} 26. h4 g5 27. Rf3 gxh4
28. Qf2 Kh7 29. Rf4 Qe5 30. Re1 Qd5 31. Nxf6+ Rxf6 32. Ree4 Rcf8 33. Rxf6 exf6
34. Rxd4 Qc6 35. Rc4 Qd6 36. Qa7+ Kg6 37. Rxh4 f5 38. Qxa5 Qg3 39. Qxb4 f4 40.
Rh3 1-0